000 00338nam a2200145Ia 4500
008 230312s9999||||xx |||||||||||||| ||und||
082 _a004.16
_bBRE-I
100 _aBarry B.Brey
245 0 _aIntel micro processor
260 _bBrey
300 _a1012
546 _aEng.
650 _aComputer
_vData movement instructions
942 _cBK
999 _c3433
_d3433